| 000 | 007290000a22002290004500 | ||
|---|---|---|---|
| 003 | LK-CoMWRAF | ||
| 005 | 20231106104727.0 | ||
| 008 | 230817t1958 ||||| |||| 00| 0 eng d | ||
| 020 | _a0803940882 | ||
| 040 |
_aLK-CoMWRAF _dLK-CoMWRAF _eLK-CoMWRAF |
||
| 041 | _aeng | ||
| 082 |
_a152.46 _bCOM |
||
| 245 | _aCommunication, cognition and anxiety | ||
| 260 |
_aNewbury Park: _bSage publications, _c1991 |
||
| 300 |
_axi, 226 p. ; 23 cm. _bIndex included |
||
| 500 | _aOriginally published as a special issue of the Journal of Social Behavior and Personality 1990, vol.5,no.2 | ||
| 650 | _aINTERPERSONAL COMMUNICATION | ||
| 650 | _aAnxiety | ||
| 650 | _aCognition | ||
| 700 |
_aBooth-Butterfield, Melanie _eed. |
||
| 942 | _cBK | ||
| 999 |
_c1181 _d1181 |
||